Introducción a la numismática. / (Registro nro. 7392)

Detalles MARC
000 -LEADER
fixed length control field 00831nam a2200253 a 4500
001 - CONTROL NUMBER
control field 000034020
003 - CONTROL NUMBER IDENTIFIER
control field DO-SdBNP
005 - DATE AND TIME OF LATEST TRANSACTION
control field 20150213145043.0
007 - PHYSICAL DESCRIPTION FIXED FIELD--GENERAL INFORMATION
fixed length control field 000034020
008 - FIXED-LENGTH DATA ELEMENTS--GENERAL INFORMATION
fixed length control field 110921s2000 dr a 000 0 spa d
040 ## - CATALOGING SOURCE
Original cataloging agency BPMET
Language of cataloging spa
Transcribing agency BPMET
092 ## - LOCALLY ASSIGNED DEWEY CALL NUMBER (OCLC)
Classification number xxxx
Item number A473i
100 1# - MAIN ENTRY--PERSONAL NAME
Personal name Álvarez Rey, Avelino,
Dates associated with a name 1937-
245 10 - TITLE STATEMENT
Title Introducción a la numismática. /
Statement of responsibility, etc. Avelino Álvarez Rey.
260 ## - PUBLICATION, DISTRIBUTION, ETC. (IMPRINT)
Place of publication, distribution, etc. Santo Domingo :
Name of publisher, distributor, etc. Banco Central de la República Dominicana,
Date of publication, distribution, etc. 2000.
300 ## - PHYSICAL DESCRIPTION
Extent 141 p. ;
Dimensions 24 cm.
490 1# - SERIES STATEMENT
Series statement Banco Central de la República Dominicana
504 ## - BIBLIOGRAPHY, ETC. NOTE
Bibliography, etc Bibliografía : p. 141
830 #0 - SERIES ADDED ENTRY--UNIFORM TITLE
Uniform title Banco Central de la República Dominicana
930 #1 - EQUIVALENCE OR CROSS-REFERENCE-UNIFORM TITLE HEADING [LOCAL, CANADA]
Language of a work BND01
Medium of performance for music LF1
Field link and sequence number 20110921
Date of a work 01
Name of part/section of a work HD
Miscellaneous information 30008
942 ## - ADDED ENTRY ELEMENTS (KOHA)
Source of classification or shelving scheme Dewey Decimal Classification
Koha item type Libros
956 ## - LOCAL ELECTRONIC LOCATION AND ACCESS (OCLC)
Host name NMORDAN
Access number 10
Compression information 20110921
Logon BND01
Processor of request 1107
956 ## - LOCAL ELECTRONIC LOCATION AND ACCESS (OCLC)
Host name ARIVERA
Access number 10
Compression information 20110921
Logon BND01
Processor of request 1556
Existencias
Withdrawn status Lost status Source of classification or shelving scheme Damaged status Not for loan Collection code Home library Current library Date acquired Total Checkouts Barcode Date last seen Copy number Price effective from Koha item type
    Dewey Decimal Classification       Biblioteca Pública Metropolitana Salomé Ureña Biblioteca Pública Metropolitana Salomé Ureña 02/13/2015   BPMET15041203 02/13/2015 1 ej. 02/13/2015 Libros
    Dewey Decimal Classification       Biblioteca Pública Metropolitana Salomé Ureña Biblioteca Pública Metropolitana Salomé Ureña 02/13/2015   BPMET15041204 02/13/2015 2 ej. 02/13/2015 Libros